The information exlosion The new electronic media in japn and Europe

Gardado en:
Detalles Bibliográficos
Formato: Libro
Idioma:Undetermined
Publicado: London Frances Pnter 9 Publishers) 1985
Những chủ đề:
Các nhãn: Engadir etiqueta
Sen Etiquetas, Sexa o primeiro en etiquetar este rexistro!
Thư viện lưu trữ: Trung tâm Học liệu Trường Đại học Cần Thơ
LEADER 00529nam a2200193Ia 4500
001 CTU_99120
008 210402s9999 xx 000 0 und d
082 |a 302.2 
082 |b I.43 
245 4 |a The information exlosion 
245 4 |b The new electronic media in japn and Europe 
245 0 |c Mick McLean 
260 |a London 
260 |b Frances Pnter 9 Publishers) 
260 |c 1985 
650 |a Communication 
650 |x Social aspects 
904 |i M.Loan 
980 |a Trung tâm Học liệu Trường Đại học Cần Thơ